Radiologic science for technologists : (Record no. 363046)
[ view plain ]
| 000 -LEADER | |
|---|---|
| fixed length control field | 00581nam a2200181Ia 4500 |
| 003 - CONTROL NUMBER IDENTIFIER | |
| control field | SSLC |
| 005 - DATE AND TIME OF LATEST TRANSACTION | |
| control field | 20260212141738.0 |
| 008 - FIXED-LENGTH DATA ELEMENTS--GENERAL INFORMATION | |
| fixed length control field | 200302s9999 xx 000 0 und d |
| 020 ## - INTERNATIONAL STANDARD BOOK NUMBER | |
| International Standard Book Number | 9780323375108 |
| 050 ## - LIBRARY OF CONGRESS CALL NUMBER | |
| Classification number | R 895 |
| Item number | .B86 2017 |
| 100 ## - MAIN ENTRY--PERSONAL NAME | |
| Personal name | Bushog, Stewart Carlyle |
| 245 ## - TITLE STATEMENT | |
| Statement of responsibility, etc | Stewart Carlyle Bushog, Frank Goener.-- |
| Title | Radiologic science for technologists : |
| Remainder of title | physics,biology, and protection / |
| 250 ## - EDITION STATEMENT | |
| Edition statement | 11th |
| 260 ## - PUBLICATION, DISTRIBUTION, ETC. (IMPRINT) | |
| Place of publication, distribution, etc | St. Louis, Missouri: |
| Name of publisher, distributor, etc | Elsevier |
| Date of publication, distribution, etc | 2017 |
| 300 ## - PHYSICAL DESCRIPTION | |
| Extent | vii, 275 pages : |
| Other physical details | black and white illustrations; |
| 650 ## - SUBJECT ADDED ENTRY--TOPICAL TERM | |
| Topical term or geographic name as entry element | Radiology. |
| 942 ## - ADDED ENTRY ELEMENTS (KOHA) | |
| Source of classification or shelving scheme | Library of Congress Classification |
| Koha item type | Books |
| Withdrawn status | Lost status | Source of classification or shelving scheme | Damaged status | Home library | Current library | Shelving location | Date acquired | Source of acquisition | Total Checkouts | Full call number | Barcode | Date last seen | Price effective from | Koha item type |
|---|---|---|---|---|---|---|---|---|---|---|---|---|---|---|
| Library of Congress Classification | South SEED-LPDH College Library | South SEED-LPDH College Library | South SEED-LPDH College Section | 03/02/2020 | Donation | R 895 .B86 2017 | SSLC1890 | 03/02/2020 | 03/02/2020 | Books |